| 000 | 00699nam a22002057a 4500 | ||
|---|---|---|---|
| 005 | 20100820143547.0 | ||
| 010 | _aENG-101047 | ||
| 020 | _c75.00 | ||
| 035 | _aEN-84580 | ||
| 037 | _bDBAD/PUB | ||
| 082 | _a301.6395431 | ||
| 100 |
_aVictoria, D. _916625 |
||
| 245 |
_aSocial conflict in Tamil Nadu / _cby D.Victoria |
||
| 260 |
_aChennai _bToday Publication _c2008 |
||
| 270 |
_a192, Bells Road _bChennai _e5 |
||
| 300 |
_a91p. _c20cm (pbk) |
||
| 500 | _aincludes bibliographical references | ||
| 942 |
_2ddc _cEN _h301.6395431 _mVIC |
||
| 999 |
_c42716 _d42716 |
||